000 00726nam a2200253Ia 4500
003 OSt
005 20220928103319.0
006 a|||||r|||| 00| 0
007 ta
008 220927b |||||||| |||| 00| 0 hin d
020 _c400
024 _a113260
037 _b1567, 22/11/2011, Kiran Book Service
_cTextual
040 _aSDCL
_cSDCL
_bhin
041 _2hin
_ahin
082 _aO152,3N:g, Q1
100 _aChauhan Sanjay
_9403379
245 0 _aUttar adhunikta aur hindi upnyas.
260 _aDelhi
_bAasha Book
_c2011
300 _a208p.
_ccm.
650 _aHindi
_9391598
942 _hO152,3N:g, Q1
_cTEXL
_2CC
999 _c719176
_d719176